000 00814cab a2200253 4500
001 ABS51757
008 090401t1994 xxu||||| |||| 00| 0 eng d
035 _a(Sirsi) u42979
041 _aeng
100 _aThompson, J.C.
245 _aAll mod comms: multimedia
260 _c1994
350 _a0
490 _aBuilding
_v259(7870) 25 November 1994, 61(1)
520 _aDiscusses research by British Telecom into multimedia communications being developed to benefit the construction industry.
650 _aBRITISH TELECOM
650 _aBROADBAND INTEGRATED COMMUNICATIONS
650 _aCONSTRUCTION INDUSTRY
650 _aINTELLIGENT SYSTEMS
650 _aMULTIMEDIA COMMUNICATIONS SYSTEMS
690 _aMANAGEMENT-BUSINESS MANAGEMENT-INFORMATION MANAGEMENT
942 _n0
948 _c04/03/1997
999 _c27486
_d27486